[Event "Sandefjord Caissa CC-chA"]
[Site "Sandefjord"]
[Date "2020.02.03"]
[Round "4"]
[White "Sundby, Morten"]
[Black "Farmen, Pal"]
[Result "0-1"]
[WhiteElo "1655"]
[BlackElo "1914"]
[PlyCount "160"]
[EventDate "2020.01.13"]
[EventType "tourn"]
[EventRounds "11"]
[EventCountry "NOR"]
[SourceTitle "EXT 2024"]
[Source "ChessBase"]
[SourceDate "2023.10.10"]
[SourceVersion "1"]
[SourceVersionDate "2023.10.10"]
[SourceQuality "1"]

1. d4 c5 2. d5 d6 3. g3 g6 4. Bg2 Nf6 5. Nf3 Bg7 6. 0-0 b5 7. Re1 0-0 8. e4 Ng4 9. c3 Nd7 10. Nbd2 Qb6 11. Nf1 Nge5 12. Bg5 Re8 13. Rb1 h6 14. Be3 Nxf3+ 15. Bxf3 Ne5 16. Bg2 b4 17. cxb4 Qxb4 18. Bd2 Qb6 19. Bc3 a5 20. Ne3 Ba6 21. Bf1 Bxf1 22. Rxf1 Qa7 23. Qe2 Qa6 24. Qd1 Qd3 25. Qxd3 Nxd3 26. Bxg7 Kxg7 27. Nc4 Nb4 28. a3 Nc2 29. f4 Nd4 30. Kg2 Reb8 31. Rf2 a4 32. Rbf1 Nb3 33. f5 f6 34. h4 g5 35. hxg5 hxg5 36. g4 Na5 37. Ne3 Rb3 38. Re2 Rab8 39. Rff2 Nb7 40. Nc4 Rh8 41. Rf3 Rxf3 42. Kxf3 Rh3+ 43. Kg2 Rb3 44. Kf2 Kf7 45. Re3 Rb5 46. Ke2 Na5 47. Nxa5 Rxa5 48. Kd2 Ke8 49. Kc2 Kd7 50. b3 axb3+ 51. Rxb3 Kc7 52. Kb2 Ra8 53. Rh3 Ra4 54. Re3 Rd4 55. Kc3 Rd1 56. Rg3 Ra1 57. Kc4 Re1 58. Kd3 Rh1 59. Kc4 Rd1 60. Kc3 Rd4 61. Re3 Kb6 62. Kb2 Ka5 63. Kb3 Kb5 64. Kc3 Ra4 65. Kb2 c4 66. e5 dxe5 67. Rh3 Kc5 68. Rh7 Ra7 69. a4 Kxd5 70. Ka3 Kd4 71. Kb4 Rb7+ 72. Ka5 c3 73. Ka6 Rc7 74. Rh1 c2 75. Rc1 Kd3 76. Kb6 Rc3 77. a5 Kd2 78. Rxc2+ Rxc2 79. a6 Ra2 80. Kb7 e4 0-1

[Event "Sandefjord Caissa CC-chA"]
[Site "Sandefjord"]
[Date "2020.01.13"]
[Round "1"]
[White "Stampe, Roger"]
[Black "Sundby, Morten"]
[Result "1/2-1/2"]
[WhiteElo "2020"]
[BlackElo "1655"]
[PlyCount "46"]
[EventDate "2020.01.13"]
[EventType "tourn"]
[EventRounds "11"]
[EventCountry "NOR"]
[SourceTitle "EXT 2024"]
[Source "ChessBase"]
[SourceDate "2023.10.10"]
[SourceVersion "1"]
[SourceVersionDate "2023.10.10"]
[SourceQuality "1"]

1. c4 e5 2. Nc3 Nc6 3. Nf3 f5 4. d4 exd4 5. Nxd4 Nxd4 6. Qxd4 Nf6 7. g3 Bb4 8. Bg2 0-0 9. 0-0 Bxc3 10. Qxc3 d6 11. b4 Ne4 12. Qc2 Qe7 13. Bb2 Bd7 14. Rae1 Rae8 15. Qd3 f4 16. Qd4 Ng5 17. b5 Bh3 18. Bxh3 Nxh3+ 19. Kg2 Ng5 20. f3 Ne6 21. Qd5 Kh8 22. Rf2 Qf7 23. a4 Qg6 1/2-1/2

[Event "Sandefjord Caissa Spring A"]
[Site "Sandefjord"]
[Date "2019.03.11"]
[Round "5"]
[White "Farmen, Pal"]
[Black "Sundby, Morten"]
[Result "1-0"]
[WhiteElo "1919"]
[BlackElo "1656"]
[PlyCount "37"]
[EventDate "2019.01.21"]
[EventType "tourn"]
[EventRounds "9"]
[EventCountry "NOR"]
[SourceTitle "EXT 2024"]
[Source "ChessBase"]
[SourceDate "2023.10.10"]
[SourceVersion "1"]
[SourceVersionDate "2023.10.10"]
[SourceQuality "1"]

1. d4 d5 2. e4 dxe4 3. Nc3 Nf6 4. f3 exf3 5. Nxf3 e6 6. Bd3 Bd7 7. Qe2 Bb4 8. Bg5 Be7 9. 0-0-0 c6 10. Ne5 Qa5 11. Bd2 Qc7 12. g4 b5 13. g5 Nd5 14. Nxd5 cxd5 15. Nxf7 Kxf7 16. Qh5+ Kg8 17. Rdf1 g6 18. Bxg6 h6 19. gxh6 1-0

[Event "Sandefjord Caissa Spring A"]
[Site "Sandefjord"]
[Date "2019.01.21"]
[Round "1"]
[White "Walseth, Tron"]
[Black "Sundby, Morten"]
[Result "1-0"]
[WhiteElo "1971"]
[BlackElo "1656"]
[PlyCount "67"]
[EventDate "2019.01.21"]
[EventType "tourn"]
[EventRounds "9"]
[EventCountry "NOR"]
[SourceTitle "EXT 2024"]
[Source "ChessBase"]
[SourceDate "2023.10.10"]
[SourceVersion "1"]
[SourceVersionDate "2023.10.10"]
[SourceQuality "1"]

1. d4 Nf6 2. c4 e6 3. g3 Bb4+ 4. Bd2 Bxd2+ 5. Nxd2 d5 6. Bg2 c6 7. Ngf3 Nbd7 8. 0-0 0-0 9. Re1 Ne4 10. Nxe4 dxe4 11. Nd2 f5 12. f3 e3 13. Nf1 f4 14. gxf4 Rxf4 15. Qd3 Nb6 16. Rad1 Qg5 17. b3 Bd7 18. Qxe3 Re8 19. Qe5 Qh6 20. e4 Ref8 21. a4 Bc8 22. Qd6 Qg5 23. c5 Na8 24. Ng3 h5 25. Qe5 Qxe5 26. dxe5 g6 27. Ne2 R4f7 28. Nd4 Nc7 29. Bf1 Rd8 30. Bc4 Rfd7 31. Nxe6 Nxe6 32. Bxe6+ Kf8 33. Bxd7 Bxd7 34. e6 1-0

[Event "Sandefjord Caissa op"]
[Site "Sandefjord"]
[Date "2006.08.21"]
[Round "1"]
[White "Sundby, Morten"]
[Black "Horda, Carl Erik"]
[Result "0-1"]
[WhiteElo "1313"]
[BlackElo "1929"]
[PlyCount "76"]
[EventDate "2006.08.21"]
[EventType "swiss"]
[EventRounds "9"]
[EventCountry "NOR"]
[SourceTitle "EXT 2009"]
[Source "ChessBase"]
[SourceDate "2008.11.26"]
[SourceVersion "1"]
[SourceVersionDate "2008.11.26"]
[SourceQuality "1"]

1. e4 c5 2. Nf3 d6 3. d4 cxd4 4. Nxd4 Nf6 5. Nc3 g6 6. Be3 Bg7 7. Bd3 Nc6 8. Ndb5 a6 9. Na3 b5 10. Nab1 Ng4 11. Qc1 Nxe3 12. fxe3 Bb7 13. Nd2 Rc8 14. a3 Qa5 15. b4 Qd8 16. Ndb1 Nxb4 17. Kd2 Nxd3 18. cxd3 Qa5 19. Qb2 d5 20. e5 Bxe5 21. d4 Bg7 22. Ke2 e5 23. Rd1 exd4 24. exd4 0-0 25. Rd3 Rfe8+ 26. Kf1 Rc4 27. Ne2 Qc7 28. Nd2 Rxe2 29. Kxe2 Qxh2 30. Rf1 Qxg2+ 31. Rf2 Qg4+ 32. Nf3 Qe4+ 33. Kd2 Bh6+ 34. Kd1 Qxd3+ 35. Nd2 Bc8 36. Ke1 Bg4 37. Qa1 Qxd4 38. Qb1 Bxd2+ 0-1

[Event "Sandefjord Caissa op"]
[Site "Sandefjord"]
[Date "2005.08.29"]
[Round "1"]
[White "Holmboe, Jan Raymond"]
[Black "Sundby, Morten"]
[Result "1-0"]
[WhiteElo "1747"]
[BlackElo "1242"]
[PlyCount "79"]
[EventDate "2005.08.29"]
[EventType "swiss"]
[EventRounds "9"]
[EventCountry "NOR"]
[SourceTitle "EXT 2007"]
[Source "ChessBase"]
[SourceDate "2006.11.23"]
[SourceVersion "1"]
[SourceVersionDate "2006.11.23"]
[SourceQuality "1"]

1. e4 e5 2. Nf3 Nc6 3. Bb5 a6 4. Ba4 Nf6 5. 0-0 b5 6. Bb3 Be7 7. Re1 0-0 8. c3 d5 9. exd5 Nxd5 10. Nxe5 Nxe5 11. Rxe5 c6 12. d4 Bd6 13. Re1 Qh4 14. g3 Qh3 15. Qd3 Bf5 16. Qf1 Rae8 17. Be3 Nxe3 18. Qxh3 Bxh3 19. Rxe3 Rxe3 20. fxe3 Re8 21. Kf2 c5 22. Nd2 Bf5 23. e4 Bxe4 24. Re1 Bc6 25. Rxe8+ Bxe8 26. Ne4 Be7 27. dxc5 Bc6 28. Nd6 Bxd6 29. cxd6 Kf8 30. Ke3 Ke8 31. Kd4 f6 32. Kc5 Bd7 33. Bd5 g5 34. Kb6 Bc8 35. Kc7 Bd7 36. Bf7+ Kxf7 37. Kxd7 f5 38. Kc7 f4 39. gxf4 gxf4 40. d7 1-0

[Event "Sandefjord op"]
[Site "Sandefjord"]
[Date "2005.04.09"]
[Round "3"]
[White "Sundby, Morten"]
[Black "Gusland, Thorleif"]
[Result "0-1"]
[WhiteElo "1254"]
[BlackElo "1437"]
[PlyCount "144"]
[EventDate "2005.04.09"]
[EventType "swiss"]
[EventRounds "5"]
[EventCountry "NOR"]
[SourceTitle "EXT 2008"]
[Source "ChessBase"]
[SourceDate "2007.11.25"]
[SourceVersion "1"]
[SourceVersionDate "2007.11.25"]
[SourceQuality "1"]

1. e4 e5 2. Nf3 Nc6 3. d4 exd4 4. Nxd4 Bc5 5. Be3 Qf6 6. c3 a6 7. b4 Ba7 8. Na3 Nh6 9. Be2 0-0 10. Nac2 b5 11. 0-0 Ne5 12. f4 Nc6 13. e5 Qe7 14. Bf3 Bb7 15. Qd2 Kh8 16. Ne1 Rab8 17. Rd1 f6 18. Nd3 fxe5 19. fxe5 Nxd4 20. cxd4 Nf5 21. Nc5 Bxf3 22. Rxf3 d6 23. Bg5 Qe8 24. exd6 cxd6 25. Re1 Qc8 26. Ne6 Re8 27. Rxf5 Rxe6 28. Ref1 Re8 29. Qf4 Qe6 30. Kh1 h6 31. Rf7 Bb6 32. Qh4 Qg6 33. Bc1 Re4 34. Qg3 Qxg3 35. hxg3 Bxd4 36. Rd7 Re5 37. g4 Re4 38. Rxd6 Rxg4 39. Rf4 Be5 40. Rxh6+ gxh6 41. Rxg4 Rd8 42. Be3 Rd1+ 43. Bg1 Kh7 44. g3 Bc7 45. Kh2 Rd2+ 46. Kh3 Rxa2 47. Rd4 Kg6 48. Rd7 Rc2 49. Bc5 Be5 50. Ra7 Ra2 51. Ra8 Ra3 52. Rg8+ Kh7 53. Rg4 a5 54. bxa5 Rxa5 55. Bd4 Bxd4 56. Rxd4 Ra7 57. Rb4 Rb7 58. Kg4 Kg6 59. Kf4 h5 60. Kf3 Kg5 61. Ke3 Re7+ 62. Kf3 Re5 63. Kf2 Kf6 64. Rd4 Ke6 65. Kf3 Rd5 66. Rb4 Kd6 67. Ke4 Rc5 68. Rd4+ Kc6 69. Rd8 Kc7 70. Rd4 Rc4 71. Rxc4+ bxc4 72. Kd5 c3 0-1

[Event "Vestfold KM op"]
[Site "Sandefjord"]
[Date "2004.04.25"]
[Round "5"]
[White "Sundby, Morten"]
[Black "Nilson, Bjorn Lund"]
[Result "0-1"]
[WhiteElo "1200"]
[BlackElo "1538"]
[PlyCount "66"]
[EventDate "2004.04.??"]
[EventType "swiss"]
[EventRounds "5"]
[EventCountry "NOR"]
[SourceTitle "EXT 2006"]
[Source "ChessBase"]
[SourceDate "2005.11.24"]
[SourceVersion "1"]
[SourceVersionDate "2005.11.24"]
[SourceQuality "1"]

1. d4 d5 2. Nc3 e6 3. Nf3 c5 4. Bf4 a6 5. e4 cxd4 6. Nxd4 Bb4 7. Qd3 dxe4 8. Qxe4 Bxc3+ 9. bxc3 Nf6 10. Qd3 Nbd7 11. Bd6 Nb6 12. Nf3 Bd7 13. Qd4 Nbd5 14. Rd1 Qa5 15. Be5 Rc8 16. Bc4 0-0 17. 0-0 Rxc4 18. Qxc4 Bb5 19. Qd4 Bxf1 20. Kxf1 b5 21. h4 Qxa2 22. Rd2 Ne8 23. Qd3 f6 24. Bd4 Nd6 25. Bc5 Nc4 26. Bxf8 Nxd2+ 27. Qxd2 Qc4+ 28. Kg1 Kxf8 29. Nd4 Kf7 30. g4 Qxc3 31. Nf3 a5 32. Qe2 Qc4 33. Qd2 Qxg4+ 0-1

[Event "Vestfold KM op"]
[Site "Sandefjord"]
[Date "2004.04.24"]
[Round "3"]
[White "Solberg, Svenn"]
[Black "Sundby, Morten"]
[Result "1-0"]
[WhiteElo "1074"]
[BlackElo "1200"]
[PlyCount "103"]
[EventDate "2004.04.??"]
[EventType "swiss"]
[EventRounds "5"]
[EventCountry "NOR"]
[SourceTitle "EXT 2006"]
[Source "ChessBase"]
[SourceDate "2005.11.24"]
[SourceVersion "1"]
[SourceVersionDate "2005.11.24"]
[SourceQuality "1"]

1. e4 e5 2. Nf3 Nc6 3. d4 exd4 4. Nxd4 Qh4 5. Qd3 Ne5 6. Qe2 Nf6 7. Nf3 Nxf3+ 8. gxf3 Bc5 9. Nc3 0-0 10. Bd2 c6 11. 0-0-0 Bxf2 12. Be1 Bxe1 13. Qxe1 Qf4+ 14. Qd2 Qxd2+ 15. Rxd2 b5 16. Rg1 Re8 17. Bd3 Nh5 18. Ne2 a5 19. f4 Ba6 20. f5 c5 21. Nc3 c4 22. Bf1 b4 23. Nd5 Rxe4 24. Bg2 Ree8 25. Nc7 c3 26. bxc3 bxc3 27. Rd4 d5 28. Nxa8 Rxa8 29. Bxd5 Rb8 30. Re1 Nf6 31. Bc4 Bb7 32. Red1 g6 33. Rd8+ Rxd8 34. Rxd8+ Kg7 35. fxg6 hxg6 36. Rd3 Ng4 37. Rd7 Ne5 38. Rxb7 Nxc4 39. Rc7 Ne5 40. Rxc3 Kf6 41. Rc5 a4 42. Ra5 g5 43. Rxa4 Nf3 44. c4 Ke5 45. h3 f5 46. Ra5+ Ke4 47. c5 f4 48. c6 Nd4 49. c7 f3 50. c8Q Kd3 51. Ra3+ Ke2 52. Qc4+ 1-0

[Event "Sandefjord CC-ch"]
[Site "Sandefjord"]
[Date "2003.03.10"]
[Round "7"]
[White "Sundby, Morten"]
[Black "Gregersen, Olav"]
[Result "1-0"]
[WhiteElo "1231"]
[BlackElo "1167"]
[PlyCount "65"]
[EventDate "2003.01.??"]
[EventType "swiss"]
[EventRounds "8"]
[EventCountry "NOR"]
[SourceTitle "EXT 2005"]
[Source "ChessBase"]
[SourceDate "2004.11.15"]
[SourceVersion "1"]
[SourceVersionDate "2004.11.15"]
[SourceQuality "1"]

1. d4 d5 2. c4 Nf6 3. Nc3 e6 4. Bg5 Bb4 5. Qa4+ Nc6 6. e3 Bd7 7. Qb3 0-0 8. cxd5 Bxc3+ 9. bxc3 Na5 10. Qb4 b6 11. Nf3 h6 12. Bh4 exd5 13. Ne5 Nc6 14. Qb3 g5 15. Bg3 Ne4 16. Qxd5 Nxc3 17. Qxd7 Nxe5 18. Qxd8 Raxd8 19. Bxe5 c6 20. g3 f6 21. Bc4+ Kg7 22. Rc1 Nd5 23. Bxd5 cxd5 24. Bc7 Rc8 25. 0-0 Rf7 26. Bd6 Ra8 27. a4 Kg6 28. f4 Rd7 29. Rc6 g4 30. f5+ Kg5 31. Bf4+ Kxf5 32. Bxh6+ Ke4 33. Rc3 1-0

[Event "Sandefjord CC-ch"]
[Site "Sandefjord"]
[Date "2003.02.17"]
[Round "5"]
[White "Sundby, Morten"]
[Black "Olsen, Edgar"]
[Result "0-1"]
[WhiteElo "1231"]
[BlackElo "1365"]
[PlyCount "102"]
[EventDate "2003.01.??"]
[EventType "swiss"]
[EventRounds "8"]
[EventCountry "NOR"]
[SourceTitle "EXT 2005"]
[Source "ChessBase"]
[SourceDate "2004.11.15"]
[SourceVersion "1"]
[SourceVersionDate "2004.11.15"]
[SourceQuality "1"]

1. d4 d5 2. c4 e6 3. Nc3 Bb4 4. Bd2 c5 5. Nf3 Nf6 6. cxd5 Nxd5 7. Nxd5 Bxd2+ 8. Qxd2 Qxd5 9. dxc5 Qxd2+ 10. Nxd2 Na6 11. Rc1 Bd7 12. g3 Rc8 13. Ne4 0-0 14. Bg2 b6 15. 0-0 Nxc5 16. Nd6 Rc7 17. b4 Na6 18. Rxc7 Nxc7 19. Rc1 Nb5 20. Nxb5 Bxb5 21. e4 Rd8 22. h4 g6 23. Bf1 Bxf1 24. Kxf1 Rd2 25. a4 Ra2 26. a5 bxa5 27. Rc8+ Kg7 28. b5 Rb2 29. Rb8 a6 30. b6 a4 31. b7 a3 32. Ra8 Rxb7 33. Rxa6 Rb1+ 34. Kg2 Rb3 35. Kh3 Kf6 36. f4 h5 37. Ra5 Ke7 38. Ra7+ Kd6 39. Rxf7 a2 40. Ra7 Rb2 41. Ra5 Kc6 42. Ra3 Kc5 43. Ra6 Kd4 44. Ra4+ Ke3 45. f5 gxf5 46. exf5 exf5 47. Ra5 Kf2 48. Rxf5+ Kg1 49. Rxh5 a1Q 50. Rf5 Qd1 51. Rf7 Rh2# 0-1

[Event "Sandefjord CC-ch"]
[Site "Sandefjord"]
[Date "2003.01.20"]
[Round "2"]
[White "Gregersen, Olav"]
[Black "Sundby, Morten"]
[Result "1-0"]
[WhiteElo "1167"]
[BlackElo "1231"]
[PlyCount "36"]
[EventDate "2003.01.??"]
[EventType "swiss"]
[EventRounds "8"]
[EventCountry "NOR"]
[SourceTitle "EXT 2005"]
[Source "ChessBase"]
[SourceDate "2004.11.15"]
[SourceVersion "1"]
[SourceVersionDate "2004.11.15"]
[SourceQuality "1"]

1. d4 d5 2. c4 Nf6 3. Nf3 Bf5 4. Nc3 Nc6 5. Bg5 e6 6. e3 Bb4 7. Rc1 Na5 8. Qa4+ Nc6 9. Ne5 Bxc3+ 10. Rxc3 0-0 11. Bd3 Bg6 12. 0-0 Qe8 13. Bxf6 Bxd3 14. Rxd3 Nxe5 15. Qxe8 gxf6 16. Qxf8+ Rxf8 17. dxe5 dxc4 18. Rc3 b5 1-0